| 000 | 01376ny a22003253n 4500 | ||
|---|---|---|---|
| 005 | 20240305165314.0 | ||
| 008 | 080702s2007 sp s 000 0 spa c | ||
| 020 | _a8493463450 | ||
| 035 | _a1759 | ||
| 040 |
_aUMA.RE _dvLex |
||
| 080 | _a349.2(460)"2007"(0.034) | ||
| 090 |
_c263 _d263 |
||
| 100 | 1 | _aSánchez Icart, Javier | |
| 245 | 1 | 0 |
_aNovedades laborales del 2007 _h[Recurso electrónico] _cJavier Sánchez Icart, Daniel Miró i Morros, Andrés Pérez |
| 256 | _aServicio en línea | ||
| 260 |
_a[Barcelona][etc.] : _bPlanificación Jurídica, _c2007 |
||
| 506 | 1 |
_aContenido solo disponible en los productos indicados _dvLex Global _dvLex Global (Academic Edition, excluding Law Schools) _dvLex Global (U.S. Academic Edition, Law Schools) _dvLex Global (U.S. Academic Edition, excluding Law Schools) _dvLex Global (Academic Edition, Law Schools) |
|
| 650 | 0 | 4 |
_aLaboral _2Tesauro vLex |
| 650 | 0 | 4 |
_aPensiones _2Tesauro vLex |
| 650 | 0 | 4 |
_aDerecho presupuestario _2Tesauro vLex |
| 650 | 0 | 4 |
_aFomento del empleo _2Tesauro vLex |
| 650 | 0 | 4 |
_aTrabajadores autónomos _2Tesauro vLex |
| 650 | 0 | 4 |
_aDerecho a la igualdad _2Tesauro vLex |
| 650 | 0 | 4 |
_aEmpleados públicos _2Tesauro vLex |
| 700 | 1 | _aMiró i Morros, Daniel | |
| 700 | 1 | _aPérez, Andrés | |
| 740 | 0 | _avLex Libros (Servicios en línea) | |
| 856 | 4 | 0 | _uhttps://app.vlex.com/#/sources/1759 |
| 942 | _cRAA | ||
| 999 |
_c158795 _d158795 |
||